000 00966nam a2200241Ia 4500
999 _c48594
_d48594
001 15494
003 GE_BSU
005 20241125165317.0
008 181216s2014||||ge |||||||||||||| ||geo||
020 _a9789941937903
040 _cGE_BSU
041 _ageo
080 _a821.133.1-31 პ-27
100 _aპენაკი, დანიელ
_913731
245 _aფერია კარაბინით :
_bრომანი /
_cდანიელ პენაკი ; ფრანგ. თარგმნ. ნატა ბალავაძემ.
264 _aთბილისი :
_bაგორა,
_c2014.
300 _a362 გვ. ;
_c17 სმ.
653 _aრომანი
653 _aფერია კარაბინით
700 _aბალავაძე, ნატა
_eმთარგმნელი
_913732
700 _aოსრუაშვილი, ნ.
_eყდის დიზაინი
_923790
942 _cBK
_2udc